ბათუმის შოთა რუსთაველის სახელმწიფო უნივერსიტეტის ბიბლიოთეკა

Почвы и природные зоны земли:теоретический анализ некоторых проблем почвоведения и географии (ბიბ.ჩანაწერი № 45948)

000 -LEADER
fixed length control field 00817nam a2200217Ia 4500
001 - CONTROL NUMBER
control field 12777
003 - CONTROL NUMBER IDENTIFIER
control field GE_BSU
008 - FIXED-LENGTH DATA ELEMENTS--GENERAL INFORMATION
fixed length control field 181216s||||||||xx |||||||||||||| ||und||
040 ## - CATALOGING SOURCE
Transcribing agency GE_BSU
080 ## - UNIVERSAL DECIMAL CLASSIFICATION NUMBER
Universal Decimal Classification number 631.4
245 ## - TITLE STATEMENT
Title Почвы и природные зоны земли:теоретический анализ некоторых проблем почвоведения и географии
245 ## - TITLE STATEMENT
Statement of responsibility, etc. Отв.ред.Н.Н.Болышев
260 ## - PUBLICATION, DISTRIBUTION, ETC.
Place of publication, distribution, etc. Ленинград
260 ## - PUBLICATION, DISTRIBUTION, ETC.
Name of publisher, distributor, etc. Наука
260 ## - PUBLICATION, DISTRIBUTION, ETC.
Date of publication, distribution, etc. 1970
300 ## - PHYSICAL DESCRIPTION
Extent 340стр.20см.
300 ## - PHYSICAL DESCRIPTION
Dimensions Библиогр.с.330-336
653 ## - INDEX TERM--UNCONTROLLED
Uncontrolled term Почвы и природные зоны земли
653 ## - INDEX TERM--UNCONTROLLED
Uncontrolled term теоретический анализ некоторых проблем почвоведения и географии
942 ## - ADDED ENTRY ELEMENTS (KOHA)
Koha item type წიგნი
ეგზემპლარები
Withdrawn status Lost status Damaged status Not for loan Date acquired Barcode Date last seen Price effective from Koha item type
        2018-12-17 20993 2018-12-17 2018-12-17 წიგნი